Регионална библиотека "Любен Каравелов" - Русе

Третата национална катастрофа (Запис номер 409665)

MARC детайли
000 -Лидер
Контролно поле с фиксирана дължина 01696nam a2200385 a 4500
003 - Код на организацията, давaща контролен номер
Контролно поле BLK
005 - Дата и час на последна редакция
Контролно поле 20250127102513.0
008 - Елементи от данни с фиксирана дължина
fixed length control field 200815b bul|||||r ||||||| ||bul||
020 ## - Международен стандартен номер на книга ISBN
Международен стандартен номер на книга ISBN 9786190108016
040 ## - Източник на каталожния запис
Идентификатор на билиотеката - собственик на записа BLK
041 ## - Код за език
Код за езика на текст/звукозапис или на отделно заглавие Български
Код за езика КДБФ Български
080 ## - УДК
Текстов определител УДК Политически партии и движения
УДК код - определител по УДК 329
УДК определител (497.2)(091)(047.53)
УДК - код + определител 329(497.2)(091)(047.53)
080 ## - УДК
Текстов определител УДК Вътрешна политика. Вж и 329
УДК код - определител по УДК 323
УДК определител (497.2)(047.53)
УДК - код + определител 323(497.2)(047.53)
080 ## - УДК
Текстов определител УДК Демокрация
УДК код - определител по УДК 321.7
УДК определител (497.2)(047.53)
УДК - код + определител 321.7(497.2)(047.53)
100 ## - Редна дума - Автор
Автор Вацев, Валентин Николов
Авторска отговорност първи автор
R(LIN) 449435
139 ## - Редно поле
Редна дума Вацев, Валентин Николов
Авторски знак Вац - В 30
245 10 - Сведения за заглавието
Заглавие Третата национална катастрофа
Подзаглавни данни Разговори без последствие
Редно поле (дума) Валентин Вацев.
257 ## - Страна на издаване
Страна на създаване/издаване България
260 ## - Област на издателските данни
Място на издаване, разпространение и проч. София
Име на издателя, разпространителя и проч. Изток-Запад
Година на издаване 2021
300 ## - Физическа характеристика
Страници 494 с.
Размери/Мащаб 24 см
380 ## - Жанр
Жанр Обществени науки
650 #4 - Допълнително описание по предмет – тема
Основно описание – тема или топоним Социализъм - България - история
9 (RLIN) 277420
650 #0 - Допълнително описание по предмет – тема
Основно описание – тема или топоним България - политика
9 (RLIN) 243743
650 #4 - Допълнително описание по предмет – тема
Основно описание – тема или топоним Социалистически партии - България
9 (RLIN) 247292
650 #4 - Допълнително описание по предмет – тема
Основно описание – тема или топоним България - политически партии и движения
9 (RLIN) 246485
650 #4 - Допълнително описание по предмет – тема
Основно описание – тема или топоним Преход от тоталитаризъм към демокрация - България
9 (RLIN) 245662
651 #4 - Допълнително описание по предмет - топоним
Географско понятие България
9 (RLIN) 241624
653 ## - Ключова дума – ненормативна
Ключова дума социализъм
653 ## - Ключова дума – ненормативна
Ключова дума преходно общество
856 4# - Електронен адрес и достъп
Електронен формат pdf - файл
856 4# - Електронен адрес и достъп
Електронен формат pdf - файл
999 ## - СИСТЕМНИ КОНТРОЛНИ НОМЕРА
Koha biblionumber 409665
Koha biblioitemnumber 409665
942 ## - АРТИКУЛИ
Вид на библиотечния материал Книги
Скрит в OPAC Не
Koha issues (borrowed), all copies 21
Периодичен библиозапис Да
944 ## - СЪЗДАВАНЕ И РЕДАКЦИЯ на ЗАПИСА
Служител, извършил регистрацията/редакцията 30560
Статус, дата на статуса Геновева Генчева
999 ## - СИСТЕМНИ КОНТРОЛНИ НОМЕРА
Koha biblioitemnumber 409665
Наличности
Код за отписване Код за изгубен артикул Източник на класификационната схема Код за повреда Коз за рестрикции Код за отдаване Артикулен № Име на библиотеката - собственик Име на библиотеката, в която се намира в момента Статус (Текущо местоположение) Дата на вписване в системата Местоположение - отдел Цена в лева Систематично азбучна сигнатура Баркод Цена в евро Служебен тип на артикула
  Не е изгубен Universal Decimal Classification Не е повреден без рестрикции заемане за дома 824835 Регионална библиотека "Любен Каравелов" Русе Регионална библиотека "Любен Каравелов" Русе Заемна - подръчен фонд 2021-04-20 Заемна - подръчен фонд 21.75 329(497.2)/В 30 В 120000854114 11.12 Книги
  Не е изгубен Universal Decimal Classification Не е повреден без рестрикции заемане за дома 824836 Регионална библиотека "Любен Каравелов" Русе Регионална библиотека "Любен Каравелов" Русе Заемна - подръчен фонд 2021-04-20 Заемна - подръчен фонд 21.75 329(497.2)/В 30 В 120000854115 11.12 Книги
  Не е изгубен Universal Decimal Classification Не е повреден само за читалня ползва се в читалня 870779 Регионална библиотека "Любен Каравелов" Русе Регионална библиотека "Любен Каравелов" Русе Хранилище 2022-02-10 Хранилище 29.00 Цб 310706 120000865125 14.83 Книги
Vip Innovations Ltd, Rousse, Bulgaria 2025